000 01545nam1a2200325 4500
001 RU\NLR\bibl\582030
005 20051107145942.0
035 _a(NLR Aleph) 000574026
090 _a1610615
_c1610615
100 _a20041209g20049999c y0rusy50 ca
101 0 _arus
102 _aRU
105 _a||||z |||||
200 1 _aНаш мир в вопросах и заданиях
_eТетр. для самостоят. работы ...
_e2 кл.
_fО.Н. Федотова, Г.В. Трафимова, С.А. Трафимов
210 _aМ.
_cАкадемкн./Учеб.
_d2004
215 _d21
463 0 _1001565326
606 0 _aШкольники
_jРуководства, пособия и т.п.
_xОзнакомление с окружающей жизнью
_91987832
_3RU\NLR\auth\661198110
606 0 _aШкольники
_jРабочие тетради для начальной школы
_xОзнакомление с окружающей жизнью
_91987832
_3RU\NLR\auth\661198110
686 _aЧ421.2,01-окр.мир
700 1 _4070
_7ca
_8rus
_aФедотова
_bО. Н.
_cканд. пед. наук
_gОльга Нестеровна
_9123774
_3RU\NLR\AUTH\7714096
701 1 _aТрафимова
_bГ. В.
_gГалина Владимировна
_4070
701 1 _aТрафимов
_bС. А.
_gСергей Анатольевич
_4070
801 0 _aRU
_bNLR
_c20041209
_gPSBO
801 1 _aRU
_bNLR
_c20041209
830 _aАвт. по кн.
852 _aNLR
_j2004-6/1941
942 _cBOOK
980 _aNB